000 00440nam a2200157 i 4500
001 149452
003 ES-MaACL
005 20230906203117.0
007 t|
008 071022s1971 sp ||||1| spa d
100 1 _aVaz de Soto, José María.
_9113343
245 1 3 _aEl infierno y la brisa /
_cJosé María Vaz de Soto.
260 _a[Barcelona] :
_bEdhasa,
_c1971.
300 _a320 p. ;
_c22 cm.
852 _aES-MaACL
_jC-38720
_bR.76733
999 _c149452
_d149452